MARC
|
|
|
|
| LEADER |
00000nam0a2200000 4500 |
| 001 |
212755 |
| 005 |
20231031192944.0 |
| 035 |
|
|
|a (RuTPU)RU\TPU\book\232434
|
| 090 |
|
|
|a 212755
|
| 100 |
|
|
|a 20120402d1982 k y0rusy50 ca
|
| 101 |
1 |
|
|a rus
|c eng
|
| 102 |
|
|
|a RU
|
| 105 |
|
|
|a a z 001zy
|
| 200 |
1 |
|
|a Пространства постоянной кривизны
|e пер. с англ.
|f Дж. Вольф
|
| 210 |
|
|
|a Москва
|c Наука
|d 1982
|
| 215 |
|
|
|a 480 с.
|c ил.
|
| 320 |
|
|
|a Библиогр.: с. 456-460, 473-474.
|
| 320 |
|
|
|a Предметный указатель: с. 475-480.
|
| 610 |
1 |
|
|a пространства постоянной кривизны
|
| 610 |
1 |
|
|a Риманова геометрия
|
| 610 |
1 |
|
|a римановы многообразия
|
| 610 |
1 |
|
|a конечные группы
|
| 610 |
1 |
|
|a программа Винсента
|
| 610 |
1 |
|
|a римановы пространства
|
| 610 |
1 |
|
|a грассмановы многообразия
|
| 610 |
1 |
|
|a группы Ли
|
| 675 |
|
|
|a 514.76
|v 3
|
| 700 |
|
1 |
|a Вольф
|b Дж.
|g Джозеф
|
| 801 |
|
1 |
|a RU
|b 63413507
|c 20120402
|
| 801 |
|
2 |
|a RU
|b 63413507
|c 20151228
|g RCR
|
| 942 |
|
|
|c BK
|